000 01345nam a22003131 4500
001 13757
003 BD-RjUL
005 20211208235516.0
008 140201t1958 maua b 001 0 eng
035 _a(BD-RjUL)13809
040 _aDLC/ICU
_cICU
_dDLC
_dBD-RjUL
_beng
041 _aeng
082 0 0 _a621.48
_216
_bSTS 1958
100 1 _aStarr, Chauncey.
_943043
245 1 0 _aSodium graphite reactors /
_cby Chauncey Starr and Robert W. Dickinson.
260 _aReading ;
_a Mass :
_bAddison-Wesley Pub. Co.,
_cc1958.
300 _axii, 288 p. :
_billus. diagrs., tables. ;
_c24 cm.
500 _aPrepared under contract with the United States Atomic Energy Commission.
500 _a"The Geneva presentation volumes presented by the U.S.A. at the Second International Conference on the Peaceful Uses of Atomic Energy, Geneva, September 1958."
504 _aIncludes bibliographical reference and index.
650 0 _aSodium graphite reactors.
_943044
700 1 _aDickinson, Robert W.,
_ejoint author.
_943045
710 2 _aU.S. Atomic Energy Commission.
_943046
711 2 _aInternational Conference on the Peaceful Uses of Atomic Energy
_n(2nd :
_d1958 :
_cGeneva, Switzerland)
_932267
942 _2ddc
_cBK
999 _c13757
_d13757